<?xml version="1.0" encoding="UTF-8"?>
<record
    xmlns:xsi="http://www.w3.org/2001/XMLSchema-instance"
    xsi:schemaLocation="http://www.loc.gov/MARC21/slim http://www.loc.gov/standards/marcxml/schema/MARC21slim.xsd"
    xmlns="http://www.loc.gov/MARC21/slim">

  <leader>00655nam a22001937a 4500</leader>
  <controlfield tag="003">OSt</controlfield>
  <controlfield tag="005">20150408114142.0</controlfield>
  <controlfield tag="008">131009s    2013jo a   | |||| 00| 0 ara d</controlfield>
  <datafield tag="040" ind1=" " ind2=" ">
    <subfield code="a">ma-un </subfield>
  </datafield>
  <datafield tag="082" ind1=" " ind2=" ">
    <subfield code="2">21</subfield>
    <subfield code="a">526.9</subfield>
    <subfield code="b">&#x62F; &#x645; &#x645;</subfield>
  </datafield>
  <datafield tag="245" ind1=" " ind2=" ">
    <subfield code="a">&#x627;&#x644;&#x645;&#x633;&#x627;&#x62D;&#x629; &#x627;&#x644;&#x623;&#x631;&#x636;&#x64A;&#x629; /</subfield>
    <subfield code="c">&#x645;&#x62D;&#x645;&#x62F; &#x639;&#x628;&#x62F;&#x627;&#x644;&#x644;&#x647; &#x627;&#x644;&#x62F;&#x631;&#x627;&#x64A;&#x633;&#x629; .</subfield>
  </datafield>
  <datafield tag="250" ind1=" " ind2=" ">
    <subfield code="a">&#x637;. 1</subfield>
  </datafield>
  <datafield tag="260" ind1=" " ind2=" ">
    <subfield code="a">&#x639;&#x645;&#x627;&#x646; :</subfield>
    <subfield code="b">&#x645;&#x643;&#x62A;&#x628;&#x629; &#x627;&#x644;&#x645;&#x62C;&#x62A;&#x645;&#x639; &#x627;&#x644;&#x639;&#x631;&#x628;&#x64A; &#x60C;</subfield>
    <subfield code="c">2013</subfield>
  </datafield>
  <datafield tag="300" ind1=" " ind2=" ">
    <subfield code="a">148 &#x635; :</subfield>
    <subfield code="b">&#x627;&#x64A;&#x636; &#x61B;</subfield>
    <subfield code="c">24 &#x633;&#x645; .</subfield>
  </datafield>
  <datafield tag="100" ind1=" " ind2=" ">
    <subfield code="a">&#x627;&#x644;&#x62F;&#x631;&#x627;&#x64A;&#x633;&#x64A;&#x629; &#x60C; &#x645;&#x62D;&#x645;&#x62F; &#x639;&#x628;&#x62F;&#x627;&#x644;&#x644;&#x647;</subfield>
    <subfield code="9">37568</subfield>
  </datafield>
  <datafield tag="650" ind1=" " ind2=" ">
    <subfield code="a">&#x627;&#x644;&#x645;&#x633;&#x627;&#x62D;&#x629; &#x627;&#x644;&#x623;&#x631;&#x636;&#x64A;&#x629;</subfield>
    <subfield code="9">37569</subfield>
  </datafield>
  <datafield tag="650" ind1=" " ind2=" ">
    <subfield code="a">&#x627;&#x644;&#x645;&#x633;&#x627;&#x62D;&#x629; &#x627;&#x644;&#x62A;&#x635;&#x648;&#x64A;&#x631;&#x64A;&#x629;</subfield>
    <subfield code="9">19482</subfield>
  </datafield>
  <datafield tag="942" ind1=" " ind2=" ">
    <subfield code="2">ddc</subfield>
    <subfield code="c">BOOK</subfield>
  </datafield>
  <datafield tag="999" ind1=" " ind2=" ">
    <subfield code="c">31156</subfield>
    <subfield code="d">265656</subfield>
  </datafield>
  <datafield tag="952" ind1=" " ind2=" ">
    <subfield code="1">0</subfield>
    <subfield code="2">2013-10-09</subfield>
    <subfield code="4">0</subfield>
    <subfield code="7">0</subfield>
    <subfield code="a">526.9 &#x62F; &#x645; &#x645;</subfield>
    <subfield code="d">2013-10-09</subfield>
    <subfield code="h">CL</subfield>
    <subfield code="i">00600005</subfield>
    <subfield code="m">CL</subfield>
    <subfield code="r">2013-10-09 00:00:00</subfield>
    <subfield code="t">BOOK</subfield>
    <subfield code="w">ddc</subfield>
    <subfield code="y">0</subfield>
  </datafield>
  <datafield tag="952" ind1=" " ind2=" ">
    <subfield code="1">0</subfield>
    <subfield code="2">2013-10-09</subfield>
    <subfield code="4">0</subfield>
    <subfield code="7">0</subfield>
    <subfield code="a">526.9 &#x62F; &#x645; &#x645;</subfield>
    <subfield code="d">2013-10-09</subfield>
    <subfield code="h">CL</subfield>
    <subfield code="i">00600006</subfield>
    <subfield code="m">CL</subfield>
    <subfield code="r">2013-10-09 00:00:00</subfield>
    <subfield code="t">BOOK</subfield>
    <subfield code="w">ddc</subfield>
    <subfield code="y">0</subfield>
  </datafield>
  <datafield tag="952" ind1=" " ind2=" ">
    <subfield code="1">0</subfield>
    <subfield code="2">2013-10-09</subfield>
    <subfield code="4">0</subfield>
    <subfield code="7">0</subfield>
    <subfield code="a">526.9 &#x62F; &#x645; &#x645;</subfield>
    <subfield code="d">2013-10-09</subfield>
    <subfield code="h">CL</subfield>
    <subfield code="i">00600007</subfield>
    <subfield code="m">CL</subfield>
    <subfield code="r">2013-10-09 00:00:00</subfield>
    <subfield code="t">BOOK</subfield>
    <subfield code="w">ddc</subfield>
    <subfield code="y">0</subfield>
  </datafield>
  <datafield tag="952" ind1=" " ind2=" ">
    <subfield code="1">0</subfield>
    <subfield code="2">2013-10-09</subfield>
    <subfield code="4">0</subfield>
    <subfield code="7">0</subfield>
    <subfield code="a">526.9 &#x62F; &#x645; &#x645;</subfield>
    <subfield code="d">2013-10-09</subfield>
    <subfield code="h">SZM</subfield>
    <subfield code="i">00600008</subfield>
    <subfield code="m">SZM</subfield>
    <subfield code="r">2013-10-09 00:00:00</subfield>
    <subfield code="t">BOOK</subfield>
    <subfield code="w">ddc</subfield>
    <subfield code="y">0</subfield>
  </datafield>
  <datafield tag="952" ind1=" " ind2=" ">
    <subfield code="1">0</subfield>
    <subfield code="2">2013-10-09</subfield>
    <subfield code="4">0</subfield>
    <subfield code="7">0</subfield>
    <subfield code="a">526.9 &#x62F; &#x645; &#x645;</subfield>
    <subfield code="d">2013-10-09</subfield>
    <subfield code="h">SZM</subfield>
    <subfield code="i">00600009</subfield>
    <subfield code="m">SZM</subfield>
    <subfield code="r">2013-10-09 00:00:00</subfield>
    <subfield code="t">BOOK</subfield>
    <subfield code="w">ddc</subfield>
    <subfield code="y">0</subfield>
  </datafield>
  <datafield tag="952" ind1=" " ind2=" ">
    <subfield code="1">0</subfield>
    <subfield code="2">2013-10-09</subfield>
    <subfield code="4">0</subfield>
    <subfield code="7">0</subfield>
    <subfield code="a">526.9 &#x62F; &#x645; &#x645;</subfield>
    <subfield code="d">2013-10-09</subfield>
    <subfield code="h">IC</subfield>
    <subfield code="i">00600010</subfield>
    <subfield code="m">IC</subfield>
    <subfield code="r">2013-10-09 00:00:00</subfield>
    <subfield code="t">BOOK</subfield>
    <subfield code="w">ddc</subfield>
    <subfield code="y">0</subfield>
  </datafield>
  <datafield tag="952" ind1=" " ind2=" ">
    <subfield code="1">0</subfield>
    <subfield code="2">2013-10-09</subfield>
    <subfield code="4">0</subfield>
    <subfield code="7">0</subfield>
    <subfield code="a">526.9 &#x62F; &#x645; &#x645;</subfield>
    <subfield code="d">2013-10-09</subfield>
    <subfield code="h">IC</subfield>
    <subfield code="i">00600061</subfield>
    <subfield code="m">IC</subfield>
    <subfield code="r">2013-10-09 00:00:00</subfield>
    <subfield code="t">BOOK</subfield>
    <subfield code="w">ddc</subfield>
    <subfield code="y">0</subfield>
  </datafield>
  <datafield tag="952" ind1=" " ind2=" ">
    <subfield code="1">0</subfield>
    <subfield code="2">2013-10-09</subfield>
    <subfield code="4">0</subfield>
    <subfield code="7">0</subfield>
    <subfield code="a">526.9 &#x62F; &#x645; &#x645;</subfield>
    <subfield code="d">2013-10-09</subfield>
    <subfield code="h">SRM</subfield>
    <subfield code="i">00600012</subfield>
    <subfield code="m">SRM</subfield>
    <subfield code="r">2013-10-09 00:00:00</subfield>
    <subfield code="t">BOOK</subfield>
    <subfield code="w">ddc</subfield>
    <subfield code="y">0</subfield>
  </datafield>
</record>
